| 000 | 00565nam a22001457a 4500 | ||
|---|---|---|---|
| 008 | 230504b |||||||| |||| 00| 0 eng d | ||
| 040 |
_aNational Science Library _cNational Science Library |
||
| 080 |
_a541(082.2) _bL3.2 |
||
| 245 |
_aProceedings of the chemistry symposium 1972 _c/ Aligarh Muslim University |
||
| 260 |
_aAligarh: _bAligarh Muslim University, _c1972 |
||
| 300 | _aiv, 374p. | ||
| 500 | _aVol. 2 (Physical methods in structural inorganic chemistry, actinide chemistry and solid state studies); iv, 374p. | ||
| 650 | _aScience | ||
| 942 |
_2udc _cPR |
||
| 999 |
_c26886 _d26886 |
||